000 00822nam a2200241Ii 4500
003 JO-AjNU
008 230605s9999||||xx |||||||||||||| ||und||
017 _a2011/7/2960
020 _a978-9957-417-33-8
040 _aJO-AjNU
_bara
_erda
_cJO-AjNU
041 _aara
050 1 4 _aBF441 2012
100 3 _aالكرمي، حسن سعيد,
_eauthor
_949908
245 0 0 _aقضايا في الفكر والتفكير عند العرب
250 _aط1
264 3 1 _aعمان: منتدى الفكر العربي، دار ورد الاردنية للنشر والتوزيع، 2012
300 _a128ص
336 _atext
_btxt
_2rdacontent
337 _aunmediated
_bn
_2rdamedia
338 _avolume
_bnc
_2rdacarrier
490 0 _aسلسلة كتاب المنتدى8
650 4 _aالفلسفة العربية
_949909
999 _aA21951
_c25519
_d25519